000 00548nam a2200169 4500
001 113136
003 ES-MaACL
005 20230906185754.0
007 t|
008 061121s1933 sp r ||||1| spa d
100 1 _aMut, Antonio.
_984716
245 1 3 _aEl diagnóstico de las enfermeddes del corazón sin medios auxiliares /
_cpor Antonio Mut.
260 _aValencia :
_b[s.n.],
_c1933 (
_fImp. La Semana Gráfica)
300 _a11 h. ;
_c23 cm.
500 _aEs tirada aparte de `Crónica Médica` pág. 169-190.
852 _aES-MaACL
_j1779-F-9
999 _c113136
_d113136